000 00495nam a2200181Ia 4500
001 8522
005 20260306160615.0
008 260306t2011||||xx |||||||||||||| ||spa||
041 _aESP
082 _a371.102
_bC75
100 _aCols, Estela
_eAUT
245 0 _aEstilos de enseñanza:
_bsentidos personales y configuraciones de acción tras la semejanza de las palabras
260 _c2011
300 _a204 páginas :
_c22 cm.
650 _aGEN
654 _aCED
942 _cLIB
_dJUS
_fJUS
_2ddc
_n
999 _c8522
_d8522